Study guide and procedure checklist manual for Kinn's the medical assistant : an applied learning approach (Record no. 83609)

MARC details
000 -LEADER
fixed length control field 00864 a2200253 4500
003 - CONTROL NUMBER IDENTIFIER
control field CBULib
005 - DATE AND TIME OF LATEST TRANSACTION
control field 20240412091729.0
008 - FIXED-LENGTH DATA ELEMENTS--GENERAL INFORMATION
fixed length control field 231219b |||||||| |||| 00| 0 eng d
020 ## - INTERNATIONAL STANDARD BOOK NUMBER
International Standard Book Number 9780323608695
040 ## - CATALOGING SOURCE
Language of cataloging English
Transcribing agency CBULib
Description conventions rda
041 ## - LANGUAGE CODE
Language code of text/sound track or separate title eng
050 ## - LIBRARY OF CONGRESS CALL NUMBER
Classification number R 728.8 Nie
100 1# - MAIN ENTRY--PERSONAL NAME
Personal name Niedzwiecki, Brigitte
9 (RLIN) 1044
245 ## - TITLE STATEMENT
Title Study guide and procedure checklist manual for Kinn's the medical assistant : an applied learning approach
Statement of responsibility, etc / by Brigitte Niedzwiecki; Julie Pepper; and P. Ann Weaver
250 ## - EDITION STATEMENT
Edition statement Fourteenth edition
260 ## - PUBLICATION, DISTRIBUTION, ETC. (IMPRINT)
Name of publisher, distributor, etc Elsevier,
Date of publication, distribution, etc 2020.
Place of publication, distribution, etc St. Louis :
300 ## - PHYSICAL DESCRIPTION
Extent xv, 1135 pages : illustrations
336 ## - CONTENT TYPE
Source rdacontent
Content type term Text |
Content type code txt
337 ## - MEDIA TYPE
Source rdamedia
Media type term Unmediated |
Media type code n
338 ## - CARRIER TYPE
Source rdacarrier
Carrier type term Volume
Carrier type code nc
650 #0 - SUBJECT ADDED ENTRY--TOPICAL TERM
9 (RLIN) 1046
Topical term or geographic name as entry element MEDICAL ASSISTANTS
650 #0 - SUBJECT ADDED ENTRY--TOPICAL TERM
9 (RLIN) 1047
Topical term or geographic name as entry element MEDICAL OFFICES--MANAGEMENT
942 ## - ADDED ENTRY ELEMENTS (KOHA)
Source of classification or shelving scheme
Koha item type MONOGRAPH
Holdings
Withdrawn status Lost status Source of classification or shelving scheme Damaged status Not for loan Collection code Permanent Location Current Location Shelving location Date acquired Source of acquisition Cost, normal purchase price Total Checkouts Full call number Barcode Date last seen Copy number Price effective from Koha item type
          Medical Library Collection CBU-SCHOOL OF MEDICINE LIBRARY, NDOLA. CBU-MAIN LIBRARY, KITWE. General Stacks 01/12/2024 DON-BOOKAID 87.66   R 728.8 Nie 905633 01/12/2024 1 01/12/2024 MONOGRAPH
          Medical Library Collection CBU-SCHOOL OF MEDICINE LIBRARY, NDOLA. CBU-MAIN LIBRARY, KITWE. General Stacks 01/12/2024 DON-BOOKAID 87.66   R 728.8 Nie 905630 01/12/2024 2 01/12/2024 MONOGRAPH
          Michael Chilufya Sata Collection CBU-MICHAEL CHILUFYA SATA LIBRARY CBU-MAIN LIBRARY, KITWE. General Stacks 01/12/2024 DON-BOOKAID 87.66   R 728.8 Nie 905631 01/12/2024 3 01/12/2024 MONOGRAPH
          Michael Chilufya Sata Collection CBU-MICHAEL CHILUFYA SATA LIBRARY CBU-MAIN LIBRARY, KITWE. General Stacks 01/12/2024 DON-BOOKAID 87.66   R 728.8 Nie 905632 01/12/2024 4 01/12/2024 MONOGRAPH